| 000 | 00672nam a22002297a 4500 | ||
|---|---|---|---|
| 999 |
_c1114 _d1114 |
||
| 001 | 1114 | ||
| 003 | BD-JhCC | ||
| 005 | 20180310101101.0 | ||
| 008 | 171015s2008 bg |||| ||a| 00| 0 bg d | ||
| 020 | _a98470000601018 | ||
| 035 | _a(BD-JhCC)1114 | ||
| 040 |
_aBD-JhCC _dBD-JhCC |
||
| 041 | _aben | ||
| 082 |
_a350.0005 _bMAH 2008 |
||
| 100 | _aমাহমুদ, আনু | ||
| 245 |
_aজনপ্রশাসনের ঘরে বাইরে / _cআনু মাহমুদ |
||
| 260 |
_aঢাকা : _bআগামী প্রকাশনী, _c2008 |
||
| 300 |
_a490 p. : _c22 cm. |
||
| 650 | _aPublic Administration | ||
| 942 |
_2ddc _cBK |
||